| 000 | 00522nam a2200193Ia 4500 | ||
|---|---|---|---|
| 003 | OSt | ||
| 005 | 20250519161709.0 | ||
| 008 | 210210b1980 xxu||||| |||| 00| 0 eng d | ||
| 040 | _cal | ||
| 041 | _akan | ||
| 082 | _aK894.7 SUNN | ||
| 100 |
_aSUNANDAMMA (T). _dಸುನಂದಮ್ಮ _9198344 |
||
| 245 |
_aNanna attegiri. _bನನ್ನ ಅತ್ತೆಗಿರಿ |
||
| 260 |
_aBengaluru _bAi Bi Ech Prakashana _c1980 |
||
| 300 | _aiv,111 | ||
| 690 |
_aKannada Humour _9198345 |
||
| 906 | _a034798 | ||
| 942 |
_2ddc _cBK |
||
| 999 |
_c85712 _d85712 |
||